[Event "FEDA International IM 2020"]
[Site "La Palma"]
[Date "2020.11.30"]
[Round "1.1"]
[White "Adla, Diego"]
[Black "Vergara Anton, Diego"]
[Result "1/2-1/2"]
[WhiteElo "2433"]
[BlackElo "2177"]
[Annotator "ChessBase"]
[PlyCount "81"]
[EventDate "2020.11.29"]
[EventType "tourn"]
[EventCountry "ESP"]
[SourceTitle "playchess.com"]
[Source "ChessBase"]
[SourceQuality "1"]
[TimeControl "40/5400+30:1800+30"]

1. Nf3 {[%emt 0:00:00]} d5 {[%emt 0:00:00]} 2. c4 {[%emt 0:00:00]} e6 {[%emt 0:00:00]} 3. e3 {[%emt 0:00:00]} Nf6 {[%emt 0:00:00]} 4. b3 {[%emt 0:00:03]} c5 {[%emt 0:00:59]} 5. Bb2 {[%emt 0:00:55]} Nc6 {[%emt 0:00:17]} 6. cxd5 {[%emt 0:02:12]} exd5 {[%emt 0:02:32]} 7. Bb5 {[%emt 0:00:29]} Be7 {[%emt 0:04:01]} 8. O-O {[%emt 0:00:09]} Qb6 {[%emt 0:02:00]} 9. Be2 {[%emt 0:00:57]} O-O {[%emt 0:02:47]} 10. d4 {[%emt 0:00:17]} cxd4 {[%emt 0:04:02]} 11. Nxd4 {[%emt 0:00:06]} Be6 {[%emt 0:02:22]} 12. Nd2 {[%emt 0:01:15]} Rac8 {[%emt 0:06:35]} 13. Rc1 {[%emt 0:06:23]} Rfd8 {[%emt 0:09:43]} 14. Nxe6 {[%emt 0:03:07]} fxe6 {[%emt 0:00:21]} 15. Bg4 {[%emt 0:00:07]} Nb4 {[%emt 0:09:59]} 16. Rxc8 {[%emt 0:02:51]} Rxc8 {[%emt 0:00:14]} 17. Bh3 {[%emt 0:00:05]} Qd6 {[%emt 0:15:35]} 18. a3 {[%emt 0:43:22]} Nd3 {[%emt 0:05:34]} 19. Bd4 {[%emt 0:00:51]} Rc1 {[%emt 0:01:35]} 20. Qe2 {[%emt 0:00:11]} Rxf1+ {[%emt 0:00:25]} 21. Qxf1 {[%emt 0:05:38]} Ne5 {[%emt 0:02:51]} 22. b4 {[%emt 0:01:37]} Nc6 {[%emt 0:01:50]} 23. Bc5 {[%emt 0:02:30]} Qd7 {[%emt 0:00:21]} 24. Qc1 {[%emt 0:05:11]} Bxc5 {[%emt 0:01:48]} 25. Qxc5 {[%emt 0:00:03]} a6 {[%emt 0:02:35]} 26. g3 {[%emt 0:00:52]} Kf7 {[%emt 0:01:21]} 27. Nb3 {[%emt 0:04:42]} Ne4 {[%emt 0:04:43]} 28. Qb6 {[%emt 0:00:08]} Nd8 {[%emt 0:05:20]} 29. Bg2 {[%emt 0:02:03]} Qd6 {[%emt 0:01:34]} 30. Qd4 {[%emt 0:00:56]} Nf6 {[%emt 0:00:42]} 31. Nc5 {[%emt 0:01:21]} Ke7 {[%emt 0:01:06]} 32. f4 {[%emt 0:03:05]} Qc6 {[%emt 0:04:35]} 33. h3 {[%emt 0:00:40]} b6 {[%emt 0:00:19]} 34. Nxa6 {[%emt 0:05:25]} Qc1+ {[%emt 0:02:10]} 35. Kh2 {[%emt 0:00:13]} Qxa3 {[%emt 0:00:36]} 36. Qxb6 {[%emt 0:01:15]} Nd7 {[%emt 0:00:30]} 37. Qa7 {[%emt 0:04:30]} Nc6 {[%emt 0:00:17]} 38. Qb7 {[%emt 0:00:09]} Nd8 {[%emt 0:00:04]} 39. Qa7 {[%emt 0:00:18]} Nc6 {[%emt 0:00:07]} 40. Qb7 {[%emt 0:00:05]} Nd8 {[%emt 0:00:16]} 41. Qa7 {[%emt 0:30:46]} 1/2-1/2

[Event "FEDA International IM 2020"]
[Site "La Palma"]
[Date "2020.11.30"]
[Round "1.2"]
[White "Sosa, Tomas"]
[Black "Garrido Outon, Alex"]
[Result "1-0"]
[WhiteElo "2529"]
[BlackElo "2359"]
[Annotator "TA"]
[PlyCount "87"]
[EventDate "2020.11.29"]
[EventType "tourn"]
[EventCountry "ESP"]
[SourceTitle "playchess.com"]
[Source "ChessBase"]
[SourceQuality "1"]

{[%evp 16,87,27,25,41,37,33,7,18,0,72,47,58,47,48,48,110,114,131,131,132,131,157,56,132,123,121,116,114,133,142,99,137,138,157,156,112,104,265,250,683,682,773,773,764,754,470,190,294,293,312,334,337,333,348,304,333,303,326,297,760,210,322,322,29972,29974,29973,29975,29988,29978,29974,29973,2903,2552]} 1. d4 Nf6 2. g3 g6 3. Bg2 Bg7 4. e4 d6 5. Nc3 O-O 6. Nge2 e5 7. h3 c6 8. a4 Nbd7 9. O-O b6 {Recently 9...a5 got a lot of attention. B07: Pirc Defence: Miscellaneous Systems.} 10. Be3 Bb7 11. g4 Re8 {The position is equal.} 12. Ng3 h6 (12... d5 $11) 13. Qd2 exd4 14. Bxd4 Ne5 15. b3 {[#]} c5 $146 (15... Qe7 $14) ({Predecessor:} 15... Qe7 16. f4 Ned7 17. Rad1 Rad8 18. Rfe1 a6 19. Qf2 b5 20. axb5 axb5 21. e5 dxe5 22. Nxb5 {0-1 (44) Rodin,M (2365)-Mihajlovskij,S (2476) Minsk 2008}) 16. Be3 $1 $16 Nexg4 17. hxg4 Nxg4 {Strongly threatening ...Qh4.} 18. Bf4 $1 Ba6 19. Nb5 (19. Nge2 $16) 19... Bxb5 ({Black should play} 19... Qh4 $14 20. Rfd1 Bd4) 20. axb5 Qh4 {[%csl Gg4][%cal Rh4h2]} 21. Nh1 Bxa1 22. Rxa1 Qf6 23. Rd1 Rad8 24. Bxh6 ({Worse is} 24. Bxd6 Re6 $17) 24... Nxh6 25. Qxh6 c4 26. bxc4 Qc3 $2 {Black cannot hold the game after this.} (26... Rc8 $16) 27. Rd3 $18 Qxc2 $2 (27... Qa1+ 28. Kh2 Qg7) 28. Rh3 {[%csl Gh3][%cal Rh6h8]} Qd1+ 29. Kh2 {[%csl Gh3][%cal Rh6h8]} Qd4 30. Ng3 {White threatens Nf5! and mate.} Qg7 31. Qd2 (31. Qh4 $142 {And now Nf5! would win.} Kf8 32. Nf5 $1 {[%mdl 512]} gxf5 33. exf5 Qe5+ 34. Rg3 Qxf5 35. Qh6+ Ke7 36. Re3+ Qe5+ 37. Rxe5+ dxe5 38. Qg5+ Kd6 39. Qf6+ {[%mdl 64] Double Attack} Kc5 40. Bd5) 31... Kf8 (31... Qf6 $142 32. Qh6 Qg7) 32. Ne2 Re5 33. Nf4 Rc5 34. Nd5 Rxc4 35. Qg5 {[%cal Rg5d8]} Re8 {intending ...Qe5+.} 36. Qh4 {Qh8+ is the strong threat.} Rcc8 37. Nf6 Red8 $2 {[#]} (37... Re6 38. Qh8+ Qxh8 39. Rxh8+ Kg7 40. Rxc8 Kxf6) 38. Qf4 $2 (38. e5 $1 {[%mdl 512]}) 38... g5 (38... Rc5 $142 39. Ra3 Rxb5) 39. Qf5 Ke7 $2 (39... Rc5 $18 40. Nd7+ Rxd7 41. Qxd7 {[%mdl 64] Double Attack} Qf6) 40. e5 Rc5 41. Bd5 (41. exd6+ Rxd6 42. Re3+ Re6 $16) 41... Rc7 42. Rh7 Rh8 43. exd6+ Kxd6 {[#]} 44. Ne8+ $1 {[%mdl 576] Double Attack.  Weighted Error Value: White=0.40/Black=0.64} 1-0

[Event "FEDA International IM 2020"]
[Site "La Palma"]
[Date "2020.11.30"]
[Round "1.3"]
[White "Macias Pino, Diego"]
[Black "Abergel, Thal"]
[Result "1/2-1/2"]
[WhiteElo "2153"]
[BlackElo "2444"]
[Annotator "TA"]
[PlyCount "73"]
[EventDate "2020.11.29"]
[EventType "tourn"]
[EventCountry "ESP"]
[SourceTitle "playchess.com"]
[Source "ChessBase"]
[SourceQuality "1"]

{[%evp 20,73,20,18,12,13,22,17,42,-13,19,33,23,38,37,27,45,57,52,62,64,54,64,29,93,89,121,110,112,119,124,129,142,138,161,162,194,193,190,187,192,183,215,165,162,163,172,157,160,158,153,83,86,7,7,0]} 1. e4 c5 2. Nc3 Nc6 3. Bb5 Nd4 4. Nf3 a6 5. Bd3 Nc6 6. Be2 e6 7. d4 cxd4 8. Nxd4 Qc7 9. O-O b5 10. Nxc6 dxc6 11. a4 {[%cal Ra4b5]} b4 {B47: Sicilian: Taimanov: 5 Nc3 Qc7 6 f4, 6 g3 and 6 Be2.} 12. Nb1 {[%cal Bc3b1,Bb1d2,Bd2c4][%mdl 32]} Nf6 13. Nd2 Be7 {[#]} 14. Bf3 $146 ({White should try} 14. a5 $14) ({Predecessor:} 14. f4 O-O 15. e5 Nd5 16. Nc4 a5 17. Bd3 Ba6 18. Qe2 Bxc4 19. Bxc4 Rfd8 20. Kh1 Bf8 21. g4 Nb6 22. Bd3 {1-0 (43) Edouard,R (2635)-Abergel,T (2469) Budva 2019}) 14... e5 15. a5 Be6 16. Qe2 O-O 17. Nc4 Bc5 18. Bg5 Nd7 19. Bg4 Bxg4 20. Qxg4 {aiming for Bh6!} f6 21. Rad1 Rf7 (21... Rfd8 $11 {keeps the balance.} 22. Bh4 Kh8) 22. Bc1 b3 23. cxb3 Bd4 24. Be3 c5 25. Rc1 $36 {[%mdl 2048] Keeping Black busy.} Re8 26. Rfd1 Qc6 27. b4 Rb8 28. bxc5 Nxc5 29. Bxd4 exd4 30. Nb6 Qb5 31. Qf5 Nb3 {[#] ...Qxf5 is the strong threat.} 32. Rc8+ Rxc8 33. Qxc8+ ({Inferior is} 33. Nxc8 Qxf5 34. exf5 Rd7 $11) 33... Rf8 34. Qe6+ Kh8 {[#]} 35. Nc4 (35. Nd7 $142 $1 {[%cal Rd7f8]} Rd8 36. Nxf6) 35... Nxa5 $16 36. Nd6 ({White should play} 36. Nxa5 $16 {Hoping for Nc4.} Qxa5 37. g3) 36... Qb3 $1 $11 {[%cal Rb3d1]} 37. Nf7+ {Weighted Error Value: White=0.16/Black=0.10} 1/2-1/2

[Event "FEDA International IM 2020"]
[Site "La Palma"]
[Date "2020.11.30"]
[Round "1.4"]
[White "Quispe Arteaga, Gabriel"]
[Black "Hernandez, Cristian Andres"]
[Result "0-1"]
[WhiteElo "2397"]
[BlackElo "2322"]
[Annotator "ChessBase"]
[PlyCount "116"]
[EventDate "2020.11.29"]
[EventType "tourn"]
[EventCountry "ESP"]
[SourceTitle "playchess.com"]
[Source "ChessBase"]
[SourceQuality "1"]
[TimeControl "40/5400+30:1800+30"]

1. Nf3 {[%emt 0:00:00]} d5 {[%emt 0:00:27]} 2. e3 {[%emt 0:00:33]} Nf6 {[%emt 0:00:24]} 3. b3 {[%emt 0:00:07]} Bf5 {[%emt 0:04:27]} 4. Be2 {[%emt 0:02:12]} h6 {[%emt 0:00:00]} 5. Bb2 {[%emt 0:00:16]} e6 {[%emt 0:00:28]} 6. Ne5 {[%emt 0:02:44]} Be7 {[%emt 0:00:00]} 7. d3 {[%emt 0:02:13]} Nbd7 {[%emt 0:03:37]} 8. Nxd7 {[%emt 0:00:12]} Qxd7 {[%emt 0:00:00]} 9. Nd2 {[%emt 0:00:06]} c5 {[%emt 0:03:45]} 10. a4 {[%emt 0:01:00]} O-O {[%emt 0:02:41]} 11. g4 {[%emt 0:07:12]} Bh7 {[%emt 0:00:35]} 12. h4 {[%emt 0:00:15]} d4 {[%emt 0:15:13]} 13. e4 {[%emt 0:00:25]} Qc7 {[%emt 0:11:06]} 14. g5 {[%emt 0:25:53]} hxg5 {[%emt 0:00:47]} 15. hxg5 {[%emt 0:00:38]} Nd7 {[%emt 0:00:36]} 16. Rg1 {[%emt 0:00:28]} Ne5 {[%emt 0:11:35]} 17. Bh5 {[%emt 0:04:21]} g6 {[%emt 0:14:09]} 18. Be2 {[%emt 0:01:30]} f5 {[%emt 0:01:02]} 19. f4 {[%emt 0:18:16]} Nc6 {[%emt 0:12:37]} 20. e5 {[%emt 0:00:05]} Kg7 {[%emt 0:00:38]} 21. Bf3 {[%emt 0:04:41]} Bg8 {[%emt 0:00:30]} 22. Qe2 {[%emt 0:08:46]} Bf7 {[%emt 0:00:06]} 23. Rh1 {[%emt 0:01:38]} Rh8 {[%emt 0:00:15]} 24. O-O-O {[%emt 0:00:18]} Rag8 {[%emt 0:02:47]} 25. Qg2 {[%emt 0:02:09]} Be8 {[%emt 0:02:46]} 26. Nc4 {[%emt 0:00:05]} b6 {[%emt 0:02:05]} 27. Kb1 {[%emt 0:04:00]} a6 {[%emt 0:02:50]} 28. Na3 {[%emt 0:04:30]} Na5 {[%emt 0:00:56]} 29. Nc4 {[%emt 0:00:30]} Nc6 {[%emt 0:02:48]} 30. Na3 {[%emt 0:00:06]} Nb4 {[%emt 0:01:23]} 31. c3 {[%emt 0:00:57]} dxc3 {[%emt 0:00:11]} 32. Bxc3 {[%emt 0:00:05]} b5 {[%emt 0:00:33]} 33. axb5 {[%emt 0:01:12]} axb5 {[%emt 0:00:06]} 34. Nc2 {[%emt 0:01:01]} Nxc2 {[%emt 0:01:25]} 35. Qxc2 {[%emt 0:01:11]} Bc6 {[%emt 0:00:53]} 36. Qg2 {[%emt 0:00:04]} Bxf3 {[%emt 0:00:12]} 37. Qxf3 {[%emt 0:00:02]} c4 {[%emt 0:00:43]} 38. Rxh8 {[%emt 0:00:56]} Rxh8 {[%emt 0:00:07]} 39. dxc4 {[%emt 0:04:37]} bxc4 {[%emt 0:00:05]} 40. b4 {[%emt 0:01:09]} Qa7 {[%emt 0:02:53]} 41. Qc6 {[%emt 0:31:00]} Kf7 {[%emt 0:31:39]} 42. Qxc4 {[%emt 0:01:36]} Qa4 {[%emt 0:00:00]} 43. Rc1 {[%emt 0:01:49]} Rb8 {[%emt 0:00:01]} 44. Qa2 {[%emt 0:00:10]} Qc6 {[%emt 0:00:43]} 45. Bd2 {[%emt 0:00:09]} Qe4+ {[%emt 0:00:34]} 46. Qc2 {[%emt 0:00:01]} Qd4 {[%emt 0:00:50]} 47. Qb2 {[%emt 0:00:31]} Qe4+ {[%emt 0:01:06]} 48. Qc2 {[%emt 0:00:01]} Qd5 {[%emt 0:00:01]} 49. Rd1 {[%emt 0:00:14]} Rb7 {[%emt 0:00:45]} 50. Bc3 {[%emt 0:00:30]} Qc4 {[%emt 0:00:34]} 51. Rd4 {[%emt 0:00:11]} Qf1+ {[%emt 0:00:16]} 52. Kb2 {[%emt 0:01:51]} Bc5 {[%emt 0:00:17]} 53. Qd1 {[%emt 0:00:27]} Qb5 {[%emt 0:00:21]} 54. Qh1 {[%emt 0:00:55]} Bxd4 {[%emt 0:00:33]} 55. Qh7+ {[%emt 0:00:00]} Kf8 {[%emt 0:00:23]} 56. Qh8+ {[%emt 0:00:00]} Ke7 {[%emt 0:00:18]} 57. Qf6+ {[%emt 0:01:53]} Kd7 {[%emt 0:00:12]} 58. Qg7+ {[%emt 0:01:17]} Kc6 {[%emt 0:00:23]} 0-1

[Event "FEDA International IM 2020"]
[Site "La Palma"]
[Date "2020.11.30"]
[Round "1.5"]
[White "Habans Aguerrea, Javier"]
[Black "Alonso Garcia, Aaron"]
[Result "1-0"]
[WhiteElo "2269"]
[BlackElo "2258"]
[Annotator "ChessBase"]
[PlyCount "89"]
[EventDate "2020.11.29"]
[EventType "tourn"]
[EventCountry "ESP"]
[SourceTitle "playchess.com"]
[Source "ChessBase"]
[SourceQuality "1"]
[TimeControl "40/5400+30:1800+30"]

1. d4 {[%emt 0:00:00]} Nf6 {[%emt 0:00:00]} 2. c4 {[%emt 0:00:00]} e6 {[%emt 0:01:00]} 3. Nf3 {[%emt 0:00:06]} Bb4+ {[%emt 0:00:25]} 4. Bd2 {[%emt 0:00:19]} c5 {[%emt 0:00:05]} 5. g3 {[%emt 0:02:46]} O-O {[%emt 0:06:19]} 6. Bxb4 {[%emt 0:00:35]} cxb4 {[%emt 0:00:02]} 7. Bg2 {[%emt 0:00:03]} a5 {[%emt 0:00:06]} 8. O-O {[%emt 0:01:23]} d6 {[%emt 0:01:28]} 9. a3 {[%emt 0:01:14]} Na6 {[%emt 0:00:07]} 10. axb4 {[%emt 0:02:42]} axb4 {[%emt 0:03:28]} 11. b3 {[%emt 0:01:41]} Re8 {[%emt 0:01:26]} 12. Qc2 {[%emt 0:06:07]} Qc7 {[%emt 0:04:16]} 13. Nbd2 {[%emt 0:06:11]} Bd7 {[%emt 0:10:19]} 14. Qb2 {[%emt 0:11:46]} Bc6 {[%emt 0:09:06]} 15. Rfd1 {[%emt 0:05:28]} Qb8 {[%emt 0:07:28]} 16. Rac1 {[%emt 0:07:24]} e5 {[%emt 0:03:02]} 17. e3 {[%emt 0:04:19]} e4 {[%emt 0:08:45]} 18. Ng5 {[%emt 0:03:58]} h6 {[%emt 0:01:06]} 19. Nh3 {[%emt 0:00:40]} Qd8 {[%emt 0:02:38]} 20. Nf4 {[%emt 0:02:09]} Bd7 {[%emt 0:05:46]} 21. h3 {[%emt 0:12:41]} Nc7 {[%emt 0:04:46]} 22. Ra1 {[%emt 0:03:59]} Rxa1 {[%emt 0:08:24]} 23. Qxa1 {[%emt 0:01:26]} Na6 {[%emt 0:06:01]} 24. Rc1 {[%emt 0:02:43]} Bf5 {[%emt 0:01:10]} 25. Kh2 {[%emt 0:00:48]} g5 {[%emt 0:05:44]} 26. Nd5 {[%emt 0:00:17]} Bg6 {[%emt 0:02:12]} 27. Qa4 {[%emt 0:01:34]} Nxd5 {[%emt 0:02:23]} 28. cxd5 {[%emt 0:00:01]} Re7 {[%emt 0:00:26]} 29. Qb5 {[%emt 0:01:27]} f5 {[%emt 0:00:44]} 30. Nc4 {[%emt 0:02:03]} Kf8 {[%emt 0:03:00]} 31. Bf1 {[%emt 0:08:32]} Rc7 {[%emt 0:01:07]} 32. Qb6 {[%emt 0:00:34]} Ke7 {[%emt 0:00:01]} 33. Ne5 {[%emt 0:03:44]} Be8 {[%emt 0:00:15]} 34. Rd1 {[%emt 0:02:22]} Rc2 {[%emt 0:01:57]} 35. Qxb7+ {[%emt 0:01:36]} Nc7 {[%emt 0:00:01]} 36. Bc4 {[%emt 0:01:18]} Rxf2+ {[%emt 0:01:04]} 37. Kg1 {[%emt 0:00:01]} Ra2 {[%emt 0:00:01]} 38. Rf1 {[%emt 0:01:50]} Bd7 {[%emt 0:00:51]} 39. Rxf5 {[%emt 0:01:54]} dxe5 {[%emt 0:00:42]} 40. d6+ {[%emt 0:01:19]} Kxd6 {[%emt 0:01:39]} 41. dxe5+ {[%emt 0:30:31]} Kc5 {[%emt 0:30:01]} 42. e6+ {[%emt 0:00:14]} Kd6 {[%emt 0:00:00]} 43. Qxb4+ {[%emt 0:00:05]} Kc6 {[%emt 0:00:00]} 44. Rc5+ {[%emt 0:00:20]} Kd6 {[%emt 0:00:00]} 45. Rb5+ {[%emt 0:00:16]} 1-0

[Event "FEDA International IM 2020"]
[Site "La Palma"]
[Date "2020.12.01"]
[Round "2.1"]
[White "Vergara Anton, Diego"]
[Black "Alonso Garcia, Aaron"]
[Result "0-1"]
[WhiteElo "2177"]
[BlackElo "2258"]
[Annotator "TA"]
[PlyCount "182"]
[EventDate "2020.11.29"]
[EventCountry "ESP"]
[SourceTitle "playchess.com"]
[Source "ChessBase"]
[SourceQuality "1"]

{[%evp 20,182,16,16,19,18,15,0,0,-75,-82,-62,-63,-81,-45,-37,-39,-41,-40,-32,-2,-7,0,-18,-18,-18,-18,-66,-66,-66,-58,-100,-98,-108,-98,-96,-87,-145,-144,-140,-129,-126,-127,-117,-62,-81,-81,-54,-72,-78,0,-34,-31,-31,-34,-33,0,0,0,-30,-46,-42,-31,-156,-162,-210,-196,-262,-183,-205,-173,-323,-246,-270,0,-319,-307,-341,-350,-338,-326,-316,-270,-263,-237,-287,-278,-364,-389,-387,-407,-394,-368,-379,-389,-386,-364,-313,-283,-336,-297,-414,-413,-506,-500,-455,-425,-414,-410,-369,-425,-405,-416,-412,-416,-417,-418,-501,-420,-418,-404,-372,-387,-401,-392,-957,-915,-957,-968,-2637,-2406,-1506,-134,-134,-134,-134,-134,-29962,-29963,-29981,-29982,-29980,-29982,-29982,-29967,-29973,-29973,-29977,-29978,-29977,-29978,-29978,-29979,-29981,-29982,-29981,-29981,-29982,-29983,-29983,-29984,-29984,-29985,-29986,-29985]} 1. d4 Nf6 2. Nf3 e6 3. g3 d5 4. Bg2 Be7 5. O-O O-O 6. c4 dxc4 7. Qc2 a6 8. a4 Bd7 9. Qxc4 Bc6 10. Bg5 a5 11. Nc3 Ra6 {E05: Open Catalan: 5 Nf3 Be7.} 12. Rfd1 Rb6 {[#]} 13. Bxf6 $146 ({Predecessor:} 13. Rd2 Na6 14. Bxf6 Bxf6 15. e4 Qe8 16. Qf1 Rb4 17. Qd1 Qb8 18. Bf1 Rd8 19. b3 {1-0 (34) Nguyen,T (2219)-Zhai,M (2406) Al Ain 2015}) 13... Bxf6 {The position is equal.} 14. Rd2 (14. Qa2 $11) 14... Bxf3 $17 15. Bxf3 Rb4 16. Qa2 $1 Rxd4 17. Rxd4 Qxd4 18. Bxb7 Qb4 19. Bf3 Bxc3 20. bxc3 Qxc3 21. Qa3 Qxa3 22. Rxa3 $11 {[%mdl 4096] Endgame KRB-KRN} Rc8 23. Bb7 Rd8 24. Bf3 c5 25. Rc3 Rc8 $1 26. Kf1 Kf8 27. e3 Nd7 28. Ke2 (28. Bb7 $142 Rc7 29. Ba6) 28... c4 $17 29. Kd2 Nb6 30. Rc1 Rc5 31. Bd1 Nd5 (31... f5 $17 32. Bc2 Ke7) 32. e4 $15 c3+ 33. Kc2 Nb4+ 34. Kb3 {[#]} Nd3 (34... c2 $1 $17 {[%cal Rc2d1][%mdl 512]} 35. Bxc2 g5) 35. Rc2 Rc7 36. f3 Nc5+ 37. Ka3 Rd7 38. Rxc3 Nxe4 39. Rc8+ Ke7 {White must now prevent ...Nxg3.} 40. Be2 Rd2 {...Nxg3 is the strong threat.} 41. Ba6 ({White should play} 41. Bb5 $15 Nd6 42. Ra8) 41... Nd6 $17 42. Rc7+ Kf6 43. h3 (43. Rc5 {was necessary.}) 43... Ke5 44. Kb3 Kd4 45. f4 (45. Bb5 $142) 45... Rg2 46. Rc3 Rd2 47. Rc7 h5 48. Rc6 Ne4 49. Rc4+ Ke3 50. Rc7 h4 51. gxh4 Nd6 52. Kc3 Rd4 53. Kc2 Rxa4 ({Less strong is} 53... Kxf4 54. Bb5 $19) (53... Rxf4 54. Rd7 $19) 54. Rc5 Kxf4 55. Rg5 Ke3 56. Rxg7 Rxh4 57. Rg3+ Kf4 58. Ra3 Rh5 59. Kd2 Rd5+ 60. Ke2 f5 61. Ra4+ {Cut Off at move 61} Kg3 62. Ra3+ Kh4 63. Ra4+ Kg5 64. h4+ Kf6 65. Kf3 e5 66. Ra1 Rc5 67. Ra3 Ne4 68. Ra2 Rc3+ 69. Kg2 Nc5 70. Rxa5 f4 71. Be2 e4 {Strongly threatening ...f3+.} 72. Bh5 $2 (72. Bd1) 72... Rc2+ $19 73. Kh3 Nd3 74. Ra6+ Ke5 75. Ra5+ Rc5 $2 (75... Kd4 $19 {and Black stays clearly on top.} 76. Bg6 Ke3) 76. Rxc5+ $17 Nxc5 {KB-KN} 77. Bd1 Nd3 {Hoping for ...Nf2+.} 78. Kg2 $2 {[%mdl 8192] Loses the game.} (78. h5 $17) 78... Kf5 {Black mates.} 79. Bh5 Ne5 80. Bd1 e3 81. h5 Kg5 82. Be2 Nc6 83. h6 Kxh6 84. Kf3 Kg5 85. Ke4 Ne7 86. Bd1 Nf5 87. Bf3 Nd6+ 88. Kd3 Kh4 89. Ke2 Kg3 90. Bd5 Nb5 91. Kd3 Kf2 {Weighted Error Value: White=0.24/Black=0.17} 0-1

[Event "FEDA International IM 2020"]
[Site "La Palma"]
[Date "2020.12.01"]
[Round "2.2"]
[White "Abergel, Thal"]
[Black "Quispe Arteaga, Gabriel"]
[Result "1/2-1/2"]
[WhiteElo "2444"]
[BlackElo "2397"]
[Annotator "TA"]
[PlyCount "81"]
[EventDate "2020.11.29"]
[EventCountry "ESP"]
[SourceTitle "playchess.com"]
[Source "ChessBase"]
[SourceQuality "1"]

{[%evp 15,81,31,31,35,37,38,55,41,44,37,46,11,38,15,30,12,19,16,20,18,23,10,35,35,35,35,35,36,41,41,44,37,44,43,44,43,66,47,55,43,50,53,53,0,0,0,0,0,0,-8,0,0,0,-20,-47,-33,0,0,0,0,0,0,0,0,0,0,0,0]} 1. e4 c5 2. Nf3 Nc6 3. Nc3 e5 4. Bc4 d6 5. d3 Be7 6. O-O Be6 7. Nd5 Nf6 8. c3 O-O 9. Re1 {B30: Sicilian: 2...Nc6 3 Bb5, lines without ...g6.} Rc8 {[#]} 10. a3 $146 ({Predecessor:} 10. a4 Bxd5 11. exd5 Nb8 12. Qb3 Rc7 13. a5 Qc8 14. Ra4 Nbd7 15. a6 Nb6 16. Ra2 Qf5 {1-0 (46) Vallejo Pons,F (2684)-Shirov,A (2740) Dos Hermanas 2008}) 10... a6 11. Nxf6+ {White is slightly better.} Bxf6 12. Bxe6 fxe6 13. Be3 Qd7 14. Qe2 Be7 15. d4 cxd4 16. cxd4 exd4 17. Nxd4 Bf6 18. Rad1 Bxd4 19. Bxd4 Nxd4 20. Rxd4 Rc6 21. Red1 Qc7 22. h4 Rc2 23. R1d2 Rc1+ 24. Kh2 Rc6 25. g3 Rd8 26. a4 h6 27. b4 Kh8 28. Kg2 Rc1 29. Qg4 (29. b5 $14) 29... e5 $1 $11 {[%cal Re5d4]} 30. R4d3 Qc4 31. Qg6 Re1 32. f3 Qxb4 33. Kh3 Re3 34. Rxe3 Qxd2 {[%mdl 4096] Endgame KQR-KQR} 35. Rb3 Qc2 36. Qe6 {The position is equal.} Qc6 37. a5 Re8 38. Qf7 Qc8+ 39. Kg2 Qc2+ 40. Kh3 Qc8+ 41. Kg2 {Weighted Error Value: White=0.07/Black=0.06} 1/2-1/2

[Event "FEDA International IM 2020"]
[Site "La Palma"]
[Date "2020.12.01"]
[Round "2.2"]
[White "Hernandez, Cristian Andres"]
[Black "Habans Aguerrea, Javier"]
[Result "*"]
[WhiteElo "2322"]
[BlackElo "2269"]
[Annotator "TA"]
[PlyCount "35"]
[EventDate "2020.11.29"]
[EventCountry "ESP"]
[SourceTitle "playchess.com"]
[Source "ChessBase"]
[SourceQuality "1"]

{[%evp 9,10,20,25]} 1. e4 c5 2. Nf3 Nc6 3. Nc3 e5 4. Bc4 d6 5. d3 Be7 {[#]} {Predecessor:} 6. Nd2 $146 {B30: Sicilian: 2...Nc6 3 Bb5, lines without ...g6.} Nf6 7. Nf1 Bg4 8. f3 Be6 9. Ne3 O-O 10. O-O Nd7 11. Ncd5 Bg5 12. f4 exf4 13. Nxf4 Bxc4 14. Nxc4 Nde5 15. Ne3 Ne7 16. b3 Qd7 17. Qh5 f6 18. Bb2 {½-½ (42) Nepomniachtchi,I (2784)-Carlsen,M (2863) chess24.com INT 2020} *

[Event "FEDA International IM 2020"]
[Site "La Palma"]
[Date "2020.12.01"]
[Round "2.3"]
[White "Abergel, Thal"]
[Black "Quispe Arteaga, Gabriel"]
[Result "*"]
[WhiteElo "2444"]
[BlackElo "2397"]
[Annotator "TA"]
[PlyCount "33"]
[EventDate "2020.11.29"]
[EventCountry "ESP"]
[SourceTitle "playchess.com"]
[Source "ChessBase"]
[SourceQuality "1"]

{[%evp 16,19,-11,-25,-32,-25]} 1. Nf3 d5 2. d4 Nf6 3. Bf4 c5 4. e3 Nc6 5. c3 Qb6 6. Qb3 c4 7. Qc2 Bf5 8. Qc1 h6 9. h3 e6 {D02: 1 d4 d5 2 Nf3 sidelines, including 2...Nf6 3 g3 and 2...Nf6 3 Bf4.} 10. Nbd2 {[#] Not much happened in this game.  Weighted Error Value: White=0.14/Black=0.00} {Predecessor:} Be7 $146 11. Be2 O-O 12. O-O Rac8 13. Re1 Qd8 14. Bd1 b5 15. Bc2 a5 16. e4 dxe4 17. Nxe4 {1-0 (65) Sevian,S (2666)-Nihal,S (2598) chess.com INT 2019} *

[Event "FEDA International IM 2020"]
[Site "La Palma"]
[Date "2020.12.01"]
[Round "2.3"]
[White "Hernandez, Cristian Andres"]
[Black "Habans Aguerrea, Javier"]
[Result "1-0"]
[WhiteElo "2322"]
[BlackElo "2269"]
[Annotator "RC"]
[PlyCount "77"]
[EventDate "2020.11.29"]
[EventCountry "ESP"]
[SourceTitle "playchess.com"]
[Source "ChessBase"]
[SourceQuality "1"]

1. Nf3 d5 2. d4 Nf6 3. Bf4 c5 4. e3 Nc6 5. c3 Qb6 6. Qb3 c4 7. Qc2 Bf5 8. Qc1 h6 9. h3 e6 10. Nbd2 Rc8 11. Be2 Be7 12. O-O O-O 13. Bd1 Ne4 14. Bc2 Nxd2 15. Nxd2 Bxc2 16. Qxc2 f5 17. Rfc1 Qd8 18. b3 Ba3 19. Rcb1 b5 20. bxc4 bxc4 21. Qa4 Bd6 22. Bxd6 Qxd6 23. f4 Rc7 24. Nf3 Rff7 25. Rb5 Rb7 26. Rab1 Qb8 27. Qa6 Nd8 28. Ne5 Rxb5 29. Rxb5 Rb7 30. Nd7 Qc7 31. Rxb7 Qxb7 32. Qd6 Qc8 33. Qf8+ Kh7 34. Qe8 g5 35. Qe7+ Kg6 36. Ne5+ Kh5 37. Qe8+ Kh4 38. Kh2 gxf4 39. exf4 1-0